000 00553nam a2200205Ia 4500
005 20250508162843.0
008 008 250505s9999 xx 000 0 eng d
020 _a81-7169-235-4
037 _aTextual
040 _aFEDL
_beng
_cFEDL
041 _aeng
_2eng
084 _a153.15, RAO
_qFEDL
100 _aRao V.K.
245 0 _aLearning and teaching
260 _aNew Delhi, India
_bCommonwealth Publishers
_c1992
300 _a285p.
700 _a Reddy R.S.
_9774196
942 _cTEXL
_h153.15, RAO
999 _c1379050
_d1379050